| 000 | 00750nam a2200217 u 4500 | ||
|---|---|---|---|
| 005 | 20220604063740.0 | ||
| 008 | 190405s2017 mx r 000 0 spa d | ||
| 020 | _a9786079475703 | ||
| 035 | _aUPN01000230160 | ||
| 049 | _aCG | ||
| 050 | 4 |
_aJL1211 _bP7.6 |
|
| 245 | 0 | 0 |
_aProcesos constitucionales mexicanos : _bla Constitución de 1824 y la antigua Constitución / _ccoord. Beatriz Rojas. |
| 260 |
_aMéxico : _bInstituto de Investigaciones Dr. José María Luis Mora : _bCONACYT, _c2017. |
||
| 300 | _a440 p. | ||
| 440 | 0 | _aHistoria política | |
| 651 | 4 |
_aMéxico _xHistoria constitucional _94597 |
|
| 610 | 1 | 4 |
_aMEXICO. _tCONSTITUCION FEDERAL (1824) _919820 |
| 700 | 1 |
_aRojas, Beatriz, _ecoord. _942712 |
|
| 905 | _aLibro | ||
| 999 |
_c202255 _d202255 |
||